| 000 | 00482cam a2200181ua 4500 | ||
|---|---|---|---|
| 041 |
_aeng _h |
||
| 082 |
_a812 _bTAG/CO |
||
| 100 | _aRabindranatha, Tagore . | ||
| 245 |
_aCollected poems and plays of Rabindranath Tagore / _cRabindranath Tagore. _hTextual Documents |
||
| 260 |
_aLondon : _bMacMillan and Company Limited , _c1962. |
||
| 300 | _a577 ; . | ||
| 504 | _a | ||
| 650 | _aPoetry | ||
| 942 | _cBK | ||
| 999 |
_c972 _d972 |
||